Yüklüyor......
Research methods
| Yazar: | |
|---|---|
| Materyal Türü: | Printed Book |
| Dil: | English |
| Baskı/Yayın Bilgisi: |
Jaipur
Rawat Publications
2001
|
| Konular: |
| LEADER | 00644nam a2200253 a 4500 | ||
|---|---|---|---|
| 001 | adlib96000001 | ||
| 003 | ViArRB | ||
| 005 | 20151026132103.0 | ||
| 008 | 960221s1955 dcuabcdjdbkoqu001 0deng d | ||
| 020 | |a 81-7033-654-6 | ||
| 022 | |||
| 040 | |a Adlib | ||
| 082 | |a 001.891 | ||
| 245 | |a Research methods | ||
| 250 | |||
| 260 | |a Jaipur |b Rawat Publications |c 2001 | ||
| 300 | |a 454p. | ||
| 500 | |a | ||
| 100 | |a Ahuja, Ram | ||
| 700 | |||
| 942 | |c BK |6 _ | ||
| 653 | |a Research Methodology | ||
| 999 | |c 41426 |d 41426 | ||
| 952 | |0 0 |1 0 |4 0 |6 001891_AHU |7 0 |9 53445 |a UL |b UL |d 2010-06-16 |l 3 |o 001.891 AHU |p 00052232 |r 2015-09-28 |s 2015-07-08 |w 2010-06-16 |y BK | ||